000 00567nam a2200229Ia 4500
003 OSt
005 20220924152326.0
006 a|||||r|||| 00| 0
007 ta
008 220923b |||||||| |||| 00| 0 ara d
024 _a342027
037 _cTextual
040 _aARTS
_cARTS
_bara
041 _2ara
_aara
082 _aQ7wD582, 28K9
100 _aFarruq Au.
_9226390
245 0 _aRasail Umar Bin al-Khitab
260 _c1969
650 _aISLAM
_9577
942 _hQ7wD582, 28K9
_cTEXL
_2CC
999 _c469470
_d469470